00388nam a2200121Ia 4500008004100000041000800041100001200049245003400061260003500095650001500130999001900145952010200164231219s9999 xx 000 0 und d aeng aK.Kumar aCases In Strategic Management bGlobal Business Press Delhi95  aManagement c976842d976842 00104070aMCMbMCMd2023-12-21g250.00l0pMCM-56BB0002641r2023-12-21 00:00:00w2023-12-21yBK